书目信息 |
| 题名: |
世界热带鱼&水草名鉴
|
|
| 作者: | ;章亚莉 译 ;成美堂出版社编集部 编 | |
| 分册: | ||
| 出版信息: | 北京 中国轻工业出版社 2005 |
|
| 页数: | 143页 | |
| 开本: | 26cm | |
| 丛书名: | PET·宠物系列 | |
| 单 册: | ||
| 中图分类: | S965.8-62 | |
| 科图分类: | ||
| 主题词: | 热带鱼类--鱼类养殖--世界--目录 , 水生维管束植物--观赏园艺--世界--目录 | |
| 电子资源: | ||
| ISBN: | 7-5019-4833-X | |
| 000 | 01448nam0 2200373 450 | |
| 000 | 01411nam0 2200361 450 | |
| 000 | 01440nam0 2200385 450 | |
| 000 | 01386nam0 2200361 450 | |
| 000 | 01404nam0 2200349 450 | |
| 000 | 01367nam0 2200337 45 | |
| 001 | TS2006030416 | |
| 005 | 20061203163350.85 | |
| 010 | @a7-5019-4833-X@dCNY46.00 | |
| 100 | @a20060829d2005 em y0chiy0110 ea | |
| 101 | 1 | @achi@cjpn |
| 102 | @aCN@b110000 | |
| 105 | @aa z 000yy | |
| 200 | 1 | @a世界热带鱼&水草名鉴@AShi Jie Re Dai Yu & Shui Cao Ming Jian@e黄金版@EHuang Jin Ban@f(日)成美堂出版社编集部编@F( Ri ) Cheng Mei Tang Chu Ban She Bian Ji Bu Bian@g章亚莉译 |
| 210 | @a北京@c中国轻工业出版社@d2005 | |
| 215 | @a143页@c照片@d26cm | |
| 225 | 2 | @aPET·宠物系列 |
| 330 | @a本书介绍了世界热带鱼450种,世界水草76种。按科分类,讲解了鱼类品种及养殖方法和水草的养殖要点。 | |
| 410 | 0 | @12001 @aPET·宠物系列 |
| 510 | 1 | @aTropical Fish & Aqua Plants Catalog@zeng |
| 606 | 0 | @a热带鱼类@x鱼类养殖@y世界@x目录 |
| 606 | 0 | @a水生维管束植物@x观赏园艺@y世界@x目录 |
| 690 | @aS965.8-62@v4 | |
| 702 | 0 | @a章亚莉@AZhang Ya Li@4译 |
| 711 | 02 | @a成美堂出版社编集部@ACheng Mei Tang Chu Ban She Bian Ji Bu@4编 |
| 801 | 0 | @aCN@b中图数据@c20061203 |
| 905 | @a10447@dS965.8-62@e23 | |
| 世界热带鱼&水草名鉴:黄金版/(日)成美堂出版社编集部编/章亚莉译.-北京:中国轻工业出版社,2005 |
| 143页:照片;26cm.-(PET·宠物系列) |
| ISBN 7-5019-4833-X:CNY46.00 |
| 本书介绍了世界热带鱼450种,世界水草76种。按科分类,讲解了鱼类品种及养殖方法和水草的养殖要点。 |
| ● |
| 相关链接 |
|
|
|
|
正题名:世界热带鱼&水草名鉴
索取号:S965.8-62/23
 
预约/预借
| 序号 | 登录号 | 条形码 | 馆藏地/架位号 | 状态 | 备注 |
| 1 | 0610992 | 206109922 | 第二样本阅览室/ [索取号:S965.8-62/23] | 在馆 | |
| 2 | 0610993 | 206109931 | 第三借阅区/ [索取号:S965.8-62/23] | 在馆 | |
| 3 | 0610994 | 206109940 | 第三借阅区/ [索取号:S965.8-62/23] | 在馆 | |
| 4 | 0610995 | 206109959 | 第三借阅区/ [索取号:S965.8-62/23] | 在馆 | |
| 5 | 0610996 | 206109968 | 第三借阅区/ [索取号:S965.8-62/23] | 在馆 |